Llei de prevenció i assistència en matèria de substàncies que poden generar dependència / presentació i edició a cura del lletrat Francesc Pau i Vall

por Catalunya

Publicado: Barcelona : Parlament de Catalunya , 2003
Descripción Física: 64 p. ; 21 cm

MARC

LEADER 00000nam a2200000Ia 4500
001 15184
008 160829s2003 xx 000 0 cat d
080 |a D-3-24 
100 |a Catalunya  |9 51009 
245 |a Llei de prevenció i assistència en matèria de substàncies que poden generar dependència / presentació i edició a cura del lletrat Francesc Pau i Vall 
250 |a Ed. no venal 
260 |a Barcelona :  |b Parlament de Catalunya,  |c 2003 
300 |a 64 p. ;  |c 21 cm 
490 |a Textos legislatius ; 24 
590 |a Conté: Llei 20/1985, de 25 de juliol, de prevenció i assistència en matèria de substàncies que poden generar dependència. Llei 10/1991, de 10 de maig, de modificació de la Llei 20/1985, de 25 de juliol, de prevenció i assistència en matèria de substàncies que poden generar dependència 
650 |a Drogoaddicció  |x Dret i legislació  |x Catalunya   |9 26900 
650 |a Drogues  |x Dret i legislació  |x Catalunya  |9 26901 
700 |a Pau i Vall, Francesc, ed.   |9 39248 
710 1 |a Catalunya.  |b Parlament  |9 11492 
901 |a Arxiu 
942 |n 1 
952 |0 1  |1 0  |2 udc  |4 0  |5 2  |6 D324  |7 1  |9 44200  |a Arxiu  |b Arxiu  |d 2016-12-01  |l 0  |o D-3-24  |p 15184  |r 2016-12-01 00:00:00  |w 2016-12-01  |y ARXIU 
999 |c 46780  |d 46780